000 01166nam a2200217 i 4500
001 96774
003 ES-MaACL
005 20250818043013.0
007 t|
008 050630s1915 mx ||||1| spa d
100 1 _aManero, Antonio.
_975983
245 1 0 _aQué es la revolución
_b: breve exposición sobre las principales causas de la Revolución Constitucionalista en México /
_cAntonio Manero.
260 _aVeracruz :
_bLa Heroica,
_c1915.
300 _a120, LXXVI p. ;
_c22 cm.
505 8 _aContiene: El proceso de la revolución--La propiedad.--La administración de justicia.--El bancarismo.--La legislación--La educación pública.--Apendice: Preliminares. Plan de Guadalupe. Decreto de 12 de diciembre de 1914 [signed] Venustiano Carranza. Manifiesto a la nacion, junio 11 de 1915 [signed] Venustiano Carranza. Los indiscutibles derechos de d. Venustiano Carranza. Comentarios al Manifiesto de don Venustiano Carranza. La revolución es la justicia.
600 1 4 _aCarranza, Venustiano,
_d1859-1920
_935508
651 4 _aMéxico-
_xHistoria-
_z1910-1946.
_99066
852 _aES-MaACL
_jG-2641
852 _aES-MaACL
_jF-1506
999 _c96774
_d96774